000 01135nac a22003497a 4500
001 BR8000294
003 BR-BrBNA
005 20240105114614.0
008 230509b bl.|||m| |||| 00| 0 por d
040 _aBR-BrBNA
_bpor
_cBiblioteca Nacional de Agricultura
072 _aH20
090 _a0336 BR8000294
100 1 _aFerreira, L.P.
100 1 _aLehman, P.S.
100 1 _aAlmeida, A.M.R.
110 1 _aCentro Nacional de Pesquisa de Soja, Londrina, PR (Brasil)
_91793
245 1 _aDoencas de soja no Brasil [Bacteria; Fungo; Nematoide; Virus; Glycine max]
246 1 _a[Soybean diseases in Brazil [Bacterium; Fungus; Nematode; Virus; Glycine max]]
260 3 _aLondrina, PR (Brasil):
_cDec 1979.
300 _a42 p.
490 _aCircular Tecnica - Centro Nacional de Pesquisa de Soja (Brazil)
_vno. 1
_x
500 _a48 illus.; 27 ref.
650 _aDoenca de planta
650 _aSoja
650 _aFungo
650 _aNematoide
650 _aVirus
650 _aDeficiencia nutricional
650 _aDeficiencia mineral
909 _a202312
_bLúcia Elande
_c55
_dLúcia Elande
942 _2AGRIS
_n0
_cMS
999 _c270304
_d270304